Ornamente der Volkskunst (Record no. 9767)

MARC details
000 -CABECERA
campo de control de longitud fija 00730nam a2200241 a 4500
001 - NÚMERO DE CONTROL
campo de control BRL_955
005 - FECHA Y HORA DE LA ÚLTIMA TRANSACCIÓN
campo de control 20190320210953.0
008 - DATOS DE LONGITUD FIJA--INFORMACIÓN GENERAL
campo de control de longitud fija 281013s1962----ag-a######---#000-0#ger-#
041 ## - CÓDIGO DE LENGUA
Código de lengua del texto/banda sonora o título independiente ger
044 ## - CÓDIGO DEL PAÍS DE LA ENTIDAD EDITORA/PRODUCTORA
Código MARC del país gw
050 #4 - SIGNATURA TOPOGRÁFICA DE LA BIBLIOTECA DEL CONGRESO
Número de clasificación NK8801.5.A4
Número de documento/Ítem .B67 1962
100 1# - ENTRADA PRINCIPAL--NOMBRE DE PERSONA
Nombre de persona Bossert, Helmuth Theodor
9 (RLIN) 25437
245 10 - MENCIÓN DE TÍTULO
Título Ornamente der Volkskunst
Resto del título Gewebe, Teppiche, Stickereien
Mención de responsabilidad, etc. H. TH. Bossert.
260 ## - PUBLICACIÓN, DISTRIBUCIÓN, ETC.
Lugar de publicación, distribución, etc. Tübingen
Nombre del editor, distribuidor, etc. Ernst Wasmuth
Fecha de publicación, distribución, etc. 1962
300 ## - DESCRIPCIÓN FÍSICA
Extensión 21 p.
Otras características físicas il., 40 láminas
Dimensiones 36 cm.
500 ## - NOTA GENERAL
Nota general Au1018
650 14 - PUNTO DE ACCESO ADICIONAL DE MATERIA--TÉRMINO DE MATERIA
Término de materia o nombre geográfico como elemento de entrada Textiles
Subdivisión geográfica Alemania
9 (RLIN) 25438
650 14 - PUNTO DE ACCESO ADICIONAL DE MATERIA--TÉRMINO DE MATERIA
Término de materia o nombre geográfico como elemento de entrada Decoración y ornamentación
Subdivisión geográfica Alemania
9 (RLIN) 14168
650 14 - PUNTO DE ACCESO ADICIONAL DE MATERIA--TÉRMINO DE MATERIA
Término de materia o nombre geográfico como elemento de entrada Indumentaria
Subdivisión geográfica Alemania
9 (RLIN) 25439
650 14 - PUNTO DE ACCESO ADICIONAL DE MATERIA--TÉRMINO DE MATERIA
Término de materia o nombre geográfico como elemento de entrada Arte decorativo
Subdivisión geográfica Alemania
9 (RLIN) 25440
902 ## - CATALOGADOR
Iniciales GRL
942 ## - ELEMENTOS DE PUNTO DE ACCESO ADICIONAL (KOHA)
Fuente del sistema de clasificación o colocación Library of Congress Classification
Tipo de ítem Koha Libros
Holdings
Estado de retiro Estado de pérdida Estado dañado No para préstamo Localización permanente Ubicación/localización actual Fecha de adquisición Número de inventario Total de préstamos Signatura topográfica completa Código de barras Fecha visto por última vez Precio válido a partir de Tipo de ítem Koha
El ejemplar forma parte de la colección y puede ser consultado según las políticas vigentes.       Biblioteca Centro de Estudios Ruth D. Lechuga Biblioteca Centro de Estudios Ruth D. Lechuga 28/10/2013 Au1018   NK8801.5.A4 .B67 1962 (Au1018) GRL01032 22/03/2019 22/03/2019 Libros